000 00591nam a2200205 a 4500
003 PILC
005 20160317142812.0
008 120910s19uu xx 00 eng d
020 _a9788183568982
050 _aG 155.5
_b.W168 2011
100 _aWalsh, Thomas.
245 _aTourism career /
_cThomas Walsh.
250 _a1st edition.
260 _aNew Delhi, India :
_bDiscovery Pub. House,
_c2011.
300 _a240 pages ;
_c23 cm.
500 _aIncludes bibliographical references and index.
650 _aTourism
_xVocational guidance.
942 _cBK
_2lcc
_kFOR
999 _c25514
_d25514